000 00660nam a2200241Ia 4500
003 OSt
005 20220925200814.0
006 a|||||r|||| 00| 0
007 ta
008 220923b |||||||| |||| 00| 0 eng d
037 _cGeneral Book
040 _aRTL
_cRTL
_beng
041 _2eng
_aeng
082 _aXB, M5
100 _aPillai P K C
_9258652
245 0 _aEconomic systems
260 _aDelhi
_bHimalays Publishing House India
_c1985
300 _a226p.
_ccm.
650 _aWar Economics
_9233725
700 _a Sarangadharan M
_9258653
942 _hXB, M5
_cGB
_2CC
999 _c537957
_d537957